Nők szerepkonfliktusai, munkavállalási dilemmái

Bibliográfiai részletek
Szerző: Komornik Nóra Mónika
További közreműködők: Thuma Dr. Orsolya
Dokumentumtípus: Diplomadolgozat
Kulcsszavak:nők
szerepkonfliktusok
karrier
család
Online Access:http://dolgozattar.uni-bge.hu/2191

MARC

LEADER 00000nta a2200000 i 4500
001 dolg2191
005 20160303125358.0
008 150506suuuu hu om 000 hun d
040 |a BGE Dolgozattár Repozitórium  |b hun 
041 |a hu 
100 1 |a Komornik Nóra Mónika 
245 1 0 |a Nők szerepkonfliktusai, munkavállalási dilemmái  |c Komornik Nóra Mónika  |h [elektronikus dokumentum] 
246 1 1 |a Nők szerepkonfliktusai, munkavállalási dilemmái 
246 1 1 |a Women's dilemmas of work 
695 |a nők 
695 |a szerepkonfliktusok 
695 |a karrier 
695 |a család 
700 1 |a Thuma Dr. Orsolya  |e ths 
856 4 0 |u http://dolgozattar.uni-bge.hu/2191/1/Komornik%20N%C3%B3ra%20M%C3%B3nika%20Szakdolgozat%20pdf.pdf  |z Dokumentum-elérés